Petit Bac #32 - Départements Français - Statistiques

Statistiques générales
  • Ce quiz a été pris 3 696 fois
  • Le résultat moyen est 18 sur 20
Statistiques - réponses
1ère lettre Département % Correct
A Ain / Aisne / Allier / Alpes-de-Haute-Provence / Alpes-Maritimes / Ardèche / Ardennes / Ariège / Aube / Aude / Aveyron
98%
C Calvados / Cantal / Charente / Charente-Maritime / Cher / Corrèze / Corse-du-Sud / Côte-d'Or / Côtes-d'Armor / Creuse
95%
L La Réunion / Landes / Loir-et-Cher / Loire / Loire-Atlantique / Loiret / Lot / Lot-et-Garonne / Lozère
94%
M Maine-et-Loire / Manche / Marne / Martinique / Mayenne / Mayotte / Meurthe-et-Moselle / Meuse / Morbihan / Moselle
94%
G Gard / Gers / Gironde / Guadeloupe / Guyane
93%
V Val-d'Oise / Val-de-Marne / Var / Vaucluse / Vendée / Vienne / Vosges
93%
H Haut-Rhin / Haute-Corse / Haute-Garonne / Haute-Loire / Haute-Marne / Haute-Saône / Haute-Savoie / Haute-Vienne / Hautes-Alpes / Hautes-Pyrénées / Hauts-de-Seine / Hérault
92%
S Saône-et-Loire / Sarthe / Savoie / Seine-et-Marne / Seine-Maritime / Seine-Saint-Denis / Somme
92%
Y Yonne / Yvelines
91%
D Deux-Sèvres / Dordogne / Doubs / Drôme
90%
I Ille-et-Vilaine / Indre / Indre-et-Loire / Isère
90%
P Paris / Pas-de-Calais / Puy-de-Dôme / Pyrénées-Atlantiques / Pyrénées-Orientales
89%
N Nièvre / Nord
87%
F Finistère
86%
B Bas-Rhin / Bouches-du-Rhône
85%
E Essonne / Eure / Eure-et-Loir
85%
T Tarn / Tarn-et-Garonne / Territoire de Belfort
85%
R Rhône
84%
J Jura
82%
O Oise / Orne
80%
Aucun quiz correspondant
Distribution des résultats
% des personnes avec chaque résultat
Percentile par nombre de réponses
Votre historique - résultats
Vous n’avez pas pris ce quiz